| 000 | 01360nam a2200397 i 4500 | ||
|---|---|---|---|
| 001 | 11216 | ||
| 003 | KOSZ 005 | ||
| 005 | 20230209145126.0 | ||
| 008 | 071110s1968 pl a f f |000 0 pol | ||
| 015 | _aPB 1968/8862 | ||
| 035 | _a(OCoLC)838914477 | ||
| 040 |
_aWA N _cWA N _dKOSZ 005/EG _dKOSZ 005/HR |
||
| 041 | _apol | ||
| 046 | _k1968 | ||
| 080 | _a621 | ||
| 080 | _a(075) | ||
| 100 | 1 |
_aGodlewski, Michał _d(1917- ) _eAutor |
|
| 245 | 1 | 0 |
_aPoradnik dla mechaników / _cMichał Godlewski. |
| 250 | _aWyd. 9 zm. | ||
| 260 |
_aWarszawa : _bPaństwowe Wydawnictwo Szkolnictwa Zawodowego, _c1968. |
||
| 300 |
_a359, [1] s., [2] k. tabl. : _bil. ; _c21 cm. |
||
| 336 |
_2rdacontent _aTekst _btxt |
||
| 337 |
_2rdamedia _aBez urządzenia pośredniczącego _bn |
||
| 338 |
_2rdacarrier _aWolumin _bnc |
||
| 380 | _aKsiążki | ||
| 521 | 8 | _aDla zasadniczych szkół zawodowych. | |
| 650 | 4 | _a Konstrukcja maszyn i urządzeń | |
| 650 | 4 | _aMaszyny | |
| 650 | 4 | _aMetaloznawstwo | |
| 650 | 4 | _aObróbka metali | |
| 655 | 4 | _aPodręczniki dla szkół zawodowych | |
| 658 | _aInżynieria i technika | ||
| 710 | 2 |
_aPaństwowe Wydawnictwo Szkolnictwa Zawodowego _4pbl. |
|
| 856 |
_uhttp://koha.tu.koszalin.pl/cgi-bin/koha/opac-detail.pl?biblionumber=11216 _yKatalog online BPK |
||
| 942 |
_2UKD _cKS |
||
| 999 |
_c11216 _d11216 |
||